[Event "IECC CL4-2001.41"]
[Site "IECC email"]
[Date "2001.12.18"]
[Round "?"]
[White "Gavrileteanu, Lucian"]
[Black "Backlund, Brian"]
[Result "1/2-1/2"]
[WhiteElo "1729"]
[BlackElo "1714"]
[PlyCount "150"]
[EventDate "2001.??.??"]
[EventType "tourn (corr)"]
[EventRounds "4"]
[SourceTitle "Corr 2008"]
[Source "ChessBase"]
[SourceDate "2008.06.24"]
[SourceVersion "1"]
[SourceVersionDate "2008.06.24"]
[SourceQuality "1"]

1. d4 Nf6 2. c4 e5 3. dxe5 Ng4 4. Bf4 Nc6 5. Nf3 Bb4+ 6. Nc3 Bxc3+ 7. bxc3 Qe7 8. Qd5 f6 9. exf6 Nxf6 10. Qd3 d6 11. g3 0-0 12. Bg2 Bg4 13. 0-0 Rae8 14. Rfe1 Kh8 15. Rad1 Ne4 16. Nd4 Nxf2 17. Kxf2 Ne5 18. Qe4 g5 19. Kg1 gxf4 20. gxf4 Nxc4 21. Qxe7 Rxe7 22. Nc2 Rxf4 23. Rd4 Rxd4 24. cxd4 c5 25. e4 Be6 26. Rf1 Kg7 27. Rf3 b6 28. Rg3+ Kf8 29. Kf2 b5 30. e5 cxd4 31. Nxd4 dxe5 32. Nxb5 Rd7 33. a4 a5 34. Nc3 Rd2+ 35. Kg1 h5 36. Rg5 Rc2 37. Ne4 Ne3 38. Bf3 Bg4 39. Bxg4 hxg4 40. Ng3 Rg2+ 41. Kh1 Ra2 42. Kg1 Nc4 43. Rxg4 Rxa4 44. Rg6 Ra1+ 45. Kg2 Ra2+ 46. Kh3 a4 47. Rc6 Rc2 48. Nf5 Rc3+ 49. Kh4 a3 50. Rc8+ Kf7 51. Nd6+ Ke7 52. Nxc4 a2 53. Ra8 Rxc4+ 54. Kg3 Rc3+ 55. Kg4 Rc2 56. h4 Ke6 57. h5 Kd5 58. Kg3 Ke4 59. h6 Rc6 60. Ra4+ Ke3 61. Ra3+ Kd4 62. Ra4+ Kd5 63. Ra5+ Kc4 64. h7 Rh6 65. Rxa2 Rxh7 66. Kf3 Kd5 67. Ra5+ Ke6 68. Ra8 Rh1 69. Ke3 Rb1 70. Re8+ Kd6 71. Rd8+ Ke7 72. Ra8 Rb4 73. Ra6 Rh4 74. Rb6 Rg4 75. Ra6 Rh4 1/2-1/2

[Event "IECC CL4-2001.41"]
[Site "IECC email"]
[Date "2001.12.18"]
[Round "?"]
[White "Shutov, Andry"]
[Black "Backlund, Brian"]
[Result "0-1"]
[WhiteElo "1785"]
[BlackElo "1693"]
[PlyCount "86"]
[EventDate "2001.??.??"]
[EventType "tourn (corr)"]
[EventRounds "4"]
[SourceTitle "Corr 2008"]
[Source "ChessBase"]
[SourceDate "2008.06.24"]
[SourceVersion "1"]
[SourceVersionDate "2008.06.24"]
[SourceQuality "1"]

1. e4 Nc6 2. d4 e5 3. dxe5 Nxe5 4. Bf4 Ng6 5. Bg3 Bb4+ 6. Nd2 d6 7. c3 Bc5 8. b4 Bb6 9. a4 a6 10. Ngf3 Nf6 11. Bd3 Nh5 12. Nc4 Ba7 13. Nd4 Nhf4 14. 0-0 Qf6 15. Ne3 Be6 16. Re1 0-0 17. Bc2 c5 18. Nxe6 fxe6 19. Qd2 Ne5 20. Kh1 cxb4 21. cxb4 Nh5 22. Bxe5 dxe5 23. Bb3 Nf4 24. Bc4 Qg6 25. f3 Rac8 26. Bf1 Rfd8 27. Qa2 Rc3 28. Ng4 Rdc8 29. Qd2 Bd4 30. Ra2 h5 31. Nf2 h4 32. Qd1 Qg5 33. Qd2 Qh5 34. h3 Rxf3 35. Ng4 Rb3 36. Rc2 Rxc2 37. Qxc2 Rc3 38. Qa2 Qf7 39. Qd2 Qf8 40. Rb1 Nh5 41. Bd3 Qd6 42. Nf2 Ra3 43. Bc4 Qc6 0-1

[Event "IECC CL5-2000.14"]
[Site "IECC email"]
[Date "2000.04.15"]
[Round "?"]
[White "Backlund, Brian"]
[Black "Houk, Joshua"]
[Result "1-0"]
[WhiteElo "1615"]
[BlackElo "1410"]
[PlyCount "57"]
[EventDate "2000.??.??"]
[EventType "tourn (corr)"]
[EventRounds "4"]
[SourceTitle "Corr 2008"]
[Source "ChessBase"]
[SourceDate "2008.06.24"]
[SourceVersion "1"]
[SourceVersionDate "2008.06.24"]
[SourceQuality "1"]

1. e4 e5 2. Nf3 Nc6 3. Bc4 Nf6 4. Ng5 Bc5 5. Nxf7 Bxf2+ 6. Kf1 Qe7 7. Nxh8 d5 8. exd5 Nd4 9. h3 Bg3 10. c3 Nf5 11. d4 Bd7 12. d6 Nxd6 13. Qf3 Nxc4 14. Qxg3 0-0-0 15. Qe1 Rf8 16. b3 Nd6 17. Kg1 e4 18. Ba3 e3 19. Nd2 g5 20. Nc4 Nd5 21. Qg3 Nf4 22. Re1 e2 23. h4 Qf6 24. Nxd6+ cxd6 25. hxg5 Nh3+ 26. Rxh3 Qf1+ 27. Kh2 Rf2 28. Rxh7 Qxe1 29. Nf7 1-0

[Event "IECC CL5-2000.14"]
[Site "IECC email"]
[Date "2000.04.15"]
[Round "?"]
[White "Delorey, Jeremy"]
[Black "Backlund, Brian"]
[Result "1/2-1/2"]
[WhiteElo "1599"]
[BlackElo "1595"]
[PlyCount "36"]
[EventDate "2000.??.??"]
[EventType "tourn (corr)"]
[EventRounds "4"]
[SourceTitle "Corr 2008"]
[Source "ChessBase"]
[SourceDate "2008.06.24"]
[SourceVersion "1"]
[SourceVersionDate "2008.06.24"]
[SourceQuality "1"]

1. e4 d5 2. exd5 Nf6 3. d4 Bg4 4. Nf3 Qxd5 5. Be2 Nc6 6. Be3 0-0-0 7. 0-0 Qf5 8. h3 Bxf3 9. Bxf3 Nxd4 10. Bxd4 e5 11. c3 exd4 12. Qb3 c6 13. cxd4 Rxd4 14. Qxf7 Rd7 15. Qc4 Qd3 16. Qa4 Qd4 17. Nc3 Qxa4 18. Nxa4 Rd4 1/2-1/2